000 00667nam a2200277Ia 4500
005 20260320195725.0
008 008 262003s9999 xx 000 0 hin d
020 _a9789387462687
037 _aEBOOK
040 _aCRL
040 _bhin
040 _cCRL
041 _2hin
041 _ahin
084 _qCRL
100 _aभालचंद्र जोशी
_91132931
245 0 _aजस का फूल
250 _a2nd
260 _bRajkamal
260 _c2019
300 _a224
856 _uhttps://ebook.indiaread.in/pdfs/256_jas_ka_phool_by_bhalchandra_joshi.pdf
942 _cEBOOK
999 _c1716138
_d1716138